The Arrival of Christianity in Lithuania
| Titel: | The Arrival of Christianity in Lithuania : Baptism and Survival (1341-1387) |
|---|---|
| Verfasser: | |
| In: |
The North-Eastern frontiers of Medieval Europe, (2014), Seite 155-178, Kt. alle Artikel anzeigen |
| Veröffentlicht: | 2014 |
| Format: | Aufsatz |
| Sprache: | Englisch |
X
alg: 39281812
001A $01999:11-11-16
001B $01999:06-04-21 $t20:52:09.000
001D $01999:11-11-16
001U $0utf8
001X $00
002@ $0Aox
003@ $0392818124
007A $0392818124 $aHEB
007T $0Herdc0104832m
010@ $aeng
011@ $a2014
021A $aThe @Arrival of Christianity in Lithuania $dBaptism and Survival (1341-1387)
028A $aGiedroyć $dMichał
031A $h155-178, Kt. $j2014
039B $aIn $8--Aau--. The @North-Eastern frontiers of Medieval Europe. - Farnham {[u.a.] : Ashgate, 2014. - XLIX, 389 S.. - Ill., graph. Darst., Kt.. - ISBN 978-1-4094-3680-5 $x201400000000000845 $9308263383
045F $a900.947930902 $eDDC23BSB
045F/01 $a900
045F/03 $f0902
045F/03 $g4793
045F/03 $g4382
045F/03 $g43832
lok: 39281812 78
exp: 39281812 78 1 #EPN
201B/01 $009-07-21 $t22:44:04.000
201U/01 $0utf8
203@/01 $0788928333
208@/01 $a11-11-16 $be
209A/01 $a/ $f000 $x00
220C/01 $aTitelaufnehmer: kk
220C/01 $aHerkunft: HI Marburg
244Z/01 $2Trx $#Litauen $#Lithuania $#Litwa $#Litva $#Litva $8--Trx--Lietuva $x01 $9391193457
244Z/01 $2Trx $#Prusy Wschodnie i Zachodnie $8--Trx--Ost- und Westpreußen $x02 $939113373X
244Z/01 $#Kiewer Rus $#Kiever Rus $#Reich Kiew $#Rus $74073393-2 $8--Tg1--Kiewer Reich $x03 $9085206679
244Z/01 $aGeschichte 1341-1387 $x04
244Z/01 $#Olgierd $#Olgerd $712230201X $8--Tp1--$PAlgirdas$lLitauen, Großfürst$Z1296-1377 $x05 $9093254733
244Z/01 $2Trx $#Kiejstut $#Kynstut $#Kejstut $8--Trx--$PKęstutis$Z1300-1382 $x06 $9390923427
244Z/01 $2Trx $#ristiusustamine $#christianizacija $#christian missons $#keresztényesítés $#chrystianizacja $#christianizácia $#christianizace $8--Trx--Christianisierung $x07 $9391365525
244Z/01 $2Trx $#suhted, religioossed $#santykiai, religiniai $#religious relations $#kapcsolatok, vallásos $#stosunki religijne $#vzťahy, cirkevné $#vztahy náboženské $8--Trx--Beziehungen, religiöse $x08 $9391372971
244Z/01 $2Trx $#abielupoliitika $#dinastinė vedybų politika $#maritial policies $#házasságpolitika $#polityka dynastyczna $#politika manželská $#politika manželská $#Aussteuer $#Mitgift $#politika sobášna $#politika sňatková $8--Trx--Heiratspolitik $x09 $9391364367
244Z/01 $2Trx $#suhted, Leedu-Poola $#santykiai, lenkų ir lietuvių $#relations, Lithuanian-Polish $#kapcsolatok, lengyel-litván $#stosunki litewsko-polskie $#vzťahy litovsko-poľské $#vztahy litevsko-polské $8--Trx--Beziehungen, litauisch-polnische $x10 $9391364499
244Z/01 $2Trx $8--Trx--Einzelbeiträge $x11 $9391384570
245Z/01 $a06.02 $x01
247C/01 $82080>Marburg/Lahn, Herder-Institut, Forschungsbibliothek, Bibliographieportal $9336309341
| LEADER | 00000caa a22000002c 4500 | ||
|---|---|---|---|
| 001 | 392818124 | ||
| 003 | DE-603 | ||
| 005 | 20210406205209.0 | ||
| 007 | tu | ||
| 008 | 161111s2014 xx |||| | u00||u|eng c | ||
| 035 | |a (DE-599)HEB392818124 | ||
| 040 | |a DE-603 |b ger |c DE-603 |d DE-603 | ||
| 041 | |a eng | ||
| 082 | 0 | 4 | |8 1\u |a 900.947930902 |q DE-101 |2 23/BSB |
| 085 | |8 1\u |b 900 | ||
| 085 | |8 1\u |z 1 |s 0902 | ||
| 085 | |8 1\u |z 2 |s 4793 | ||
| 085 | |8 1\u |z 2 |s 4382 | ||
| 085 | |8 1\u |z 2 |s 43832 | ||
| 100 | 1 | |a Giedroyć, Michał | |
| 245 | 0 | 0 | |a The Arrival of Christianity in Lithuania |b Baptism and Survival (1341-1387) |
| 264 | 0 | |c 2014 | |
| 773 | 0 | 8 | |i In |t The North-Eastern frontiers of Medieval Europe |d Farnham [u.a.] : Ashgate, 2014 |h XLIX, 389 S., Ill., graph. Darst., Kt. |z 9781409436805 |g (2014), Seite 155-178, Kt. |w (DE-603)308263383 |
| 924 | 0 | |9 2080 |a (DE-603)788928333 |b DE-2080 |c HES |d d |g / | |


